Countries that Border Bordering Countries - Statistics

General Stats
  • This quiz has been taken 1,161 times
  • The average score is 14 of 15
Answer Stats
Hint Answer % Correct
Mexico Canada, El Salvador, Honduras
100%
Netherlands Luxembourg, France, Denmark, Poland, Czechia, Austria, Switzerland
100%
South Korea China, Russia
99%
Vatican City France, Switzerland, Slovenia, Austria, San Marino
98%
India Afghanistan, Tajikistan, Kyrgyzstan, Kazakhstan, Russia, Mongolia, North Korea, Vietnam, Laos, Thailand
97%
Cambodia China, Myanmar, Malaysia
97%
Kosovo Greece, Bosnia and Herzegovina, Croatia, Hungary, Romania, Bulgaria
97%
Ecuador Panama, Venezuela, Brazil, Bolivia, Chile
97%
Oman Qatar, Bahrain, Kuwait, Iraq, Jordan
97%
Armenia Russia, Turkmenistan, Afghanistan, Pakistan, Iraq, Syria, Greece, Bulgaria
97%
Moldova Russia, Belarus, Poland, Slovakia, Hungary, Serbia, Bulgaria
96%
Benin Cameroon, Chad, Libya, Algeria, Mali, Côte d'Ivoire, Ghana
93%
Djibouti Sudan, South Sudan, Kenya
93%
Gambia Mauritania, Mali, Guinea, Guinea-Bissau
92%
Brunei Indonesia, Thailand
91%
No matching quizzes found
Score Distribution
Percent of People with Each Score
Percentile by Number Answered
Your Score History
You have not taken this quiz